• 首页
  • 本馆介绍
  • 公告通知
  • 最新文献
  • 馆藏检索
  • 电子资源
  • 读者导购
  • 参考咨询
  • 我的图书馆
  • 登录
  • 详细信息显示
  • 放入我的书架
  • 预约/预借图书
  • 作者相关作品
  • 分类相关作品
  • 丛书相关作品
  • 出版社相关作品

书目信息

  • 表格格式
  • 工作单格式
  • 卡片格式
题名:
音乐剧魅影
    
 
作者: 蔡瑭 主编 ;张夷 , 龙牙 著
分册:  
出版信息: 桂林   广西师范大学出版社  2004
页数: 10,310页
开本: 24cm
丛书名:
单 册:
中图分类: J833
科图分类:
主题词: 歌舞剧--鉴赏--世界
电子资源:
ISBN: 7-5633-5072-1
000 00877nam0 2200277 45
001 110000007940
005 20051220085315.67
010    @a7-5633-5072-1@dCNY56.00
092    @aCN
100    @a20050427d2004 ekmy0chiy0120 ea
101 0  @achi
102    @aCN@b450000
105    @aa z 000yy
200 1  @a音乐剧魅影@9yin yue ju mei ying@f蔡瑭主编@Fcai tang zhu bian@g张夷,龙牙等著
210    @a桂林@c广西师范大学出版社@d2004
215    @a10,310页@c照片@d24cm
330    @a本书对《剧院魅影》、《猫》等当代流行音乐剧详细加以评论,为音乐剧大师韦伯、莎拉·布莱曼等明星及其演艺中心伦敦西区、百老汇分别作传。
606 0  @a歌舞剧@x鉴赏@y世界
610 0  @a音乐剧
690    @aJ833@v4
701  0 @a蔡瑭@Acai tang@4主编
702  0 @a张夷@Azhang yi@4著
702  0 @a龙牙@Along ya@4著
801  0 @aCN@bCXYBOOK@c20051220
905    @a10447@dJ833@e57
999    @aHSJ@eGLX
    
    音乐剧魅影/蔡瑭主编/张夷,龙牙等著.-桂林:广西师范大学出版社,2004
    10,310页:照片;24cm
    
    
    ISBN 7-5633-5072-1:CNY56.00
    本书对《剧院魅影》、《猫》等当代流行音乐剧详细加以评论,为音乐剧大师韦伯、莎拉·布莱曼等明星及其演艺中心伦敦西区、百老汇分别作传。
●
相关链接 在E读中查询图书 在五车中查询图书 在当当中查询图书 在豆瓣中查询图书


正题名:音乐剧魅影     索取号:J833/57         预约/预借

序号 登录号 条形码 馆藏地/架位号 状态 备注
1 0371926   203719262   第一样本阅览室/ [索取号:J833/57] 在馆    
2 0371927   203719271   第一借阅区/ [索取号:J833/57] 在馆    
3 0371928   203719280   第一借阅区/ [索取号:J833/57] 在馆    
4 0371929   203719299   第一借阅区/ [索取号:J833/57] 在馆    
唐山师范学院图书馆 欢迎您!
大连网信软件有限公司© 版权所有